000
00329nam a22001457a 4500
008
230515b ||||| |||| 00| 0 eng d
020
_a
2740286195172
041
_a
eng
080
_2
SEVENTH EDITION
_a
658
082
_a
658NOR
100
_a
24
101
_a
LIDERSHIP
245
_a
LEADERSHIP
_c
NORTHOUSE.G.P
942
_2
udc
_c
BK
999
_c
59710
_d
59710